|
|
|
|
| LEADER |
01246nam a2200241 a 4500 |
| 001 |
199687 |
| 008 |
090611s2000 njua b 001 0 eng d |
| 010 |
|
|
|a 99038662
|
| 020 |
|
|
|a 0201611767 (alk. paper)
|
| 040 |
|
|
|a DLC
|c DLC
|d DLC
|
| 082 |
0 |
0 |
|a 658.4/038
|2 21
|
| 100 |
1 |
|
|a Anderson, David L.
|q (David Lee),
|d 1953-
|
| 245 |
1 |
0 |
|a Management information systems :
|b using cases within an industry context to solve business problems with information technology /
|c David L. Anderson.
|
| 260 |
|
|
|a Upper Saddle River, NJ :
|b Prentice Hall,
|c c2000.
|
| 300 |
|
|
|a xxii, 440 p. :
|b ill. ;
|c 28 cm.
|
| 500 |
|
|
|a "Chapters follow the textual material in the Post/Anderson textbook, Management information systems: solving business problems with information technology."
|
| 504 |
|
|
|a Includes bibliographical references (p. 413-415) and index.
|
| 541 |
1 |
|
|e 00009872
|
| 650 |
|
0 |
|a Management information systems.
|
| 700 |
1 |
|
|a Post, Gerald V.
|t Management information systems.
|
| 852 |
4 |
|
|a Ayesha Abed Library
|j General shelf
|
| 999 |
|
|
|c 1317
|d 1317
|
| 952 |
|
|
|0 0
|1 0
|2 ddc
|4 0
|6 658_403800000000000_AND
|7 0
|9 1199
|a BRACUL
|b BRACUL
|c GEN
|d 2009-06-25
|g 0.00
|l 2
|m 8
|o 658.4038 AND
|p 3010009872
|r 2019-11-05
|s 2019-09-08
|t 1
|w 2009-06-25
|y BK
|x No price found in the accession register.
|